Pular para o conteúdo

Курс общей физики Учебное пособие

Рассмотрены основные теоретические вопросы курса физики и примеры использования физических явлений в инновационных технологиях. Для студентов вузов обучающихся по инженерным специальностям....

ver descrição completa

Na minha lista:
Detalhes bibliográficos
Autor principal: Копылова О.С
Formato: Учебное пособие
Acesso em linha:https://znanium.com/catalog/document?id=314548
https://znanium.com/cover/0975/975925.jpg
Tags: Adicionar Tag
Sem tags, seja o primeiro a adicionar uma tag!
LEADER 01629nam0a2200301 i 4500
001 RU\infra-m\znanium\bibl\975925
003 https://znanium.com/catalog/document?id=314548
005 20190327000000.0
010 |a 978-5-9596-1290-0 
100 |a 20190327d2018 m y0rusy0150 ca 
101 0 |a rus 
102 |a RU 
200 1 |a Курс общей физики  |e Учебное пособие 
210 1 |a Москва  |c Издательство СтГау "Агрус"  |d 2017 
215 |a 300 с. 
330 |a Рассмотрены основные теоретические вопросы курса физики и примеры использования физических явлений в инновационных технологиях. Для студентов вузов обучающихся по инженерным специальностям. 
333 |a ВО - Бакалавриат 
606 |a Физико-математические науки  |x Общая физика  |2 local 
608 |a Учебное пособие  |2 local 
675 |a 53  |z rus 
686 |a 223  |2 rubbk 
686 |a 03.00.00  |2 okso 
686 |a 35.00.00  |2 okso 
686 |a 03.03.01  |2 okso 
700 1 |a Копылова  |b О.С.  |g Оксана Сергеевна 
801 0 |a RU  |b Общество с ограниченной ответственностью «ЗНАНИУМ»  |c 20180420  |2 rusmarc 
856 4 |a znanium.com  |m ebs_support@infra-m.ru  |n НИЦ ИНФРА-М  |u https://znanium.com/catalog/document?id=314548 
856 4 1 |a znanium.com  |d /cover/0975  |f 975925.jpg  |q image/jpeg  |u https://znanium.com/cover/0975/975925.jpg 
Cannot write session to /tmp/vufind_sessions/sess_vgktv4oads0vbr5jakd409a1b3